| 000 | 00478nam a2200121Ia 4500 | ||
|---|---|---|---|
| 008 | 171212s9999 xx 000 0 und d | ||
| 100 | _aBarry, Kathleen L. | ||
| 245 |
_cBarry, Kathleen L. _aThe Prostitution of Sexuality |
||
| 260 |
_bNew York University Press _c1995 |
||
| 650 | _aProstitution -- Moral and ethical aspects; Sex oriented businesses; Sex crimes; Women -- Crimes against; Feminist theory | ||
| 650 | _aSociology | ||
| 856 | _uhttp://www.jstor.org/stable/j.ctt9qg779 | ||
| 999 |
_c351564 _d351564 |
||